| 000 | 00403nam a22001697a 4500 | ||
|---|---|---|---|
| 003 | CEME | ||
| 005 | 20210628202613.0 | ||
| 008 | 210127b xxu||||| |||| 00| 0 eng d | ||
| 040 | _c. | ||
| 082 | _a530 PHY | ||
| 100 |
_aFouzia Salimi. Prof Dr _960691 |
||
| 245 | _a Physics, ix and x | ||
| 250 | _a2VOLS | ||
| 260 |
_aLAHORE _bPUNJAB TEXTBOOK _c2004 |
||
| 650 |
_aPHYSICS _918567 |
||
| 942 |
_cBK _2ddc |
||
| 999 |
_c570363 _d570363 |
||